| 000 | 01160nam0a22002651 4500 | ||
|---|---|---|---|
| 001 | v19\rc\1196379 | ||
| 005 | 20260406143840.0 | ||
| 035 | _a(NLR Aleph) 004363142 | ||
| 090 |
_a3400234 _c3400234 |
||
| 100 | _a20060306d1860 |||y0rusy50 ca | ||
| 101 | 0 | _arus | |
| 102 | _aRU | ||
| 105 | _ay z ||||| | ||
| 200 | 1 |
_aБылое и думы _eЛитогр. моск. студенч. кружком Заичневского и Аргиропуло |
|
| 210 |
_aМосква _d1860 |
||
| 300 | _aЛитогр. моск. студенч. кружком Заичневского и Аргиропуло | ||
| 327 | 0 | _aБ. Козьмин. "П.Г. Заинчевский", стр. 49 | |
| 464 | 0 |
_12001#$aП.Г. Заинчевский _1700#1$aКозьмин$bБ. _tП.Г. Заинчевский _aКозьмин, Б. |
|
| 700 | 1 |
_8rus _7ca _aГерцен _bА. И. _f1812-1870 _gАлександр Иванович _3RU\NLR\AUTH\773922 _9113911 |
|
| 801 | 0 |
_aRU _bNLR _gpsbo |
|
| 801 | 1 |
_aRU _bProSoft-M _2rusmarc |
|
| 830 | _aИст.: "Русск. подп. и зар. печать". № 112 | ||
| 830 | _aСм. Герцен, А.И. "Запад" | ||
| 942 | _cBOOK | ||
| 980 | _aNB | ||